Statistics for 2019-20 Top 10 NBA Total Blocks Leaders

Click here to take the quiz!

General Stats

  • This quiz has been taken 6 times
  • The average score is 7 of 10

Answer Stats

Total BlocksPlayer% Correct
134Anthony Davis
100%
124Rudy Gobert
100%
93Andre Drummond
83%
149Brook Lopez
83%
187Hassan Whiteside
83%
119Mitchell Robinson
67%
106Kristaps Porzingis
50%
120Myles Turner
50%
92JaVale McGee
17%
87LaMarcus Aldridge & Jaren Jackson Jr.
17%

Score Distribution

Percentile by Number Answered

Percent of People with Each Score

Your Score History

You have not taken this quiz